<?xml version="1.0" encoding="UTF-8"?>
<collection xmlns="http://www.loc.gov/MARC21/slim">
 <record>
  <leader>00571pamaa2200157   4500</leader>
  <controlfield tag="001">0000021531</controlfield>
  <controlfield tag="005">20190815090000.0</controlfield>
  <datafield tag="020" ind1=" " ind2=" ">
   <subfield code="a">0948454059 </subfield>
  </datafield>
  <datafield tag="020" ind1=" " ind2=" ">
   <subfield code="a">9780948454059 (pbk) </subfield>
  </datafield>
  <datafield tag="090" ind1="0" ind2="0">
   <subfield code="a">PL2767.N45 </subfield>
   <subfield code="b">HUA 1991</subfield>
  </datafield>
  <datafield tag="100" ind1="1" ind2=" ">
   <subfield code="a">Huanzhulouzhu </subfield>
  </datafield>
  <datafield tag="245" ind1="1" ind2="0">
   <subfield code="a">Blades from the willows = Liu hu hsia yin  </subfield>
   <subfield code="c">Huanzhulouzhu ; translated by Robert Chard ; with illustrations by Mark Haywood.</subfield>
  </datafield>
  <datafield tag="264" ind1=" " ind2="1">
   <subfield code="a">London: </subfield>
   <subfield code="b">Wellsweep, </subfield>
   <subfield code="c">1991.</subfield>
  </datafield>
  <datafield tag="300" ind1=" " ind2=" ">
   <subfield code="a">256 p., [8] p. of plates : col. ill. ; 20 cm.</subfield>
  </datafield>
  <datafield tag="500" ind1="0" ind2="0">
   <subfield code="a">&quot;A Chinese novel of fantasy and martial arts adventure&quot;--Cover</subfield>
  </datafield>
  <datafield tag="700" ind1="1" ind2=" ">
   <subfield code="a">CHARD, Robert </subfield>
  </datafield>
 </record>
</collection>
